| 000 | 01089cam a22003137a 4500 | ||
|---|---|---|---|
| 005 | 20260322212059.0 | ||
| 008 | data | ||
| 010 | _a 00269576 | ||
| 015 | _aGBA0-Y3988 | ||
| 020 | _a0070218668 (alk. paper) | ||
| 020 | _a9780070218666 (alk. paper) | ||
| 040 |
_aUKM _cUKM _dDLC _dDLC |
||
| 042 | _alccopycat | ||
| 050 | 0 | 0 |
_aRA785 _b.E67 2000 |
| 082 | 0 | 0 |
_a155.9/042 _221 |
| 096 | _a HF 5548.85 E669 2000 | ||
| 100 | 1 |
_aEpstein, Robert, _d1953- |
|
| 245 | 1 | 4 |
_aThe big book of stress-relief games : _bquick, fun activities for feeling better at work / _cRobert Epstein. |
| 246 | 3 | 0 | _aStress-relief games |
| 260 |
_aNew York : _bMcGraw-Hill, _cc2000. |
||
| 300 |
_axiii, 203 p. : _bill. ; _c24 cm. |
||
| 500 | _aIncludes index. | ||
| 650 | 0 | _aStress management. | |
| 650 | 0 | _aGames. | |
| 856 | 4 | 2 |
_3Contributor biographical information _uhttp://www.loc.gov/catdir/bios/mh041/00269576.html |
| 856 | 4 | 2 |
_3Publisher description _uhttp://www.loc.gov/catdir/description/mh021/00269576.html |
| 856 | 4 | 1 |
_3Table of contents _uhttp://www.loc.gov/catdir/toc/mh021/00269576.html |
| 001 | data | ||
| 999 |
_c1414 _d1414 |
||